| 000 | 00868nam a2200277 a 4500 | ||
|---|---|---|---|
| 001 | vtls001800537 | ||
| 003 | NLI | ||
| 005 | 20210629045702.0 | ||
| 008 | 140215s1938 enk 000 0 eng | ||
| 039 | 9 |
_y201402152246 _zVLOAD |
|
| 040 |
_a NLI _b eng _c Entertech IMP - 2013 _e AACR2 |
||
| 041 | 1 |
_aeng _h. |
|
| 044 | _aenk | ||
| 082 | _a152 | ||
| 100 | 1 |
_aHogben, Lancelot _9954921 |
|
| 245 | 1 | 0 |
_aScience for the Citizen : _ba self educator based on the social background of scientific discovery / _cLancelot Hogben ; illustrated by J.F. Horrabin |
| 260 |
_aLondon : _b[s.n.], _c1938 |
||
| 300 | _c24 cm. | ||
| 650 | 0 |
_aIbn Khallikans _xBiographical _vDictionaries |
|
| 700 | 1 |
_aHorrabin, J.F., _4ill _9801236 |
|
| 887 | _a | ||
| 901 | _aIMP39611 | ||
| 902 | _a152 A. 445. | ||
| 949 |
_AVIRTUAITEM _D10000 _X100 _6IMP000039611ENG |
||
| 942 |
_2ddc _cBKS |
||
| 999 |
_c1237104 _d1237104 |
||